| 000 | 00585cam a2200181 a 4500 | ||
|---|---|---|---|
| 020 | _a9024734975 | ||
| 020 | _a9024734983 (pbk.) | ||
| 040 | _cDLC | ||
| 082 | 0 | 0 | _a581 NIJ 1987 A080 Or. |
| 245 | 0 | 0 | _aPlant hormones and their role in plant growth and development / |
| 260 |
_aDordrecht ; _aBoston : _bM. Nijhoff ; _aHingham, MA, USA : _bDistributors for the U.S. and Canada, Kluwer Academic Publishers, _c1987. |
||
| 300 |
_avi, 681 p. : _bill. ; _c25 cm. |
||
| 650 | 0 | _aPlant hormones. | |
| 650 | 0 | _aGrowth (Plants) | |
| 650 | 0 | _aPlants | |
| 700 | 1 | _aDavies, Peter J., | |
| 942 | _cEK | ||
| 999 |
_c15545 _d15545 |
||